000 00571nam a2200205 a 4500
005 20210219152859.0
008 991125n 000 0 spa u
035 _aUPN01000064985
100 _aSANTANA HENRIQUEZ, Mirta
222 _aEDUCACION
245 _aAspectos fundamentales de la inspección en la educación primaria
260 _aCuba
300 _a50-60
362 _a1978 Año 8, no. 30, jul.-sep.
653 0 _aEDUCACION PRIMARIA
653 0 _aEVALUACION DE MAESTROS
653 0 _aINSPECCION EDUCATIVA
904 _aAC
_b002796
905 _aArticulo
999 _c62846
_d62846